Bootstrapping educators : a self-help guide for high school teachers /

Bibliographic Details
Main Author: Shepherd, Jerry, 1949-
Format: Book
Language:English
Published: Lanham, MD : University Press of America, [1987]
Subjects:

MARC

Tag First Indicator Second Indicator Subfields
LEADER 00000cam a2200000 a 4500
001 in00000028997
005 20151007054756.0
008 870306s1987 mdu b 00010 eng
010 |a  87006236  
020 |a 0819162930 (alk. paper) :  |c $23.10 
020 |a 0819162949 (pbk. : alk. paper) :  |c $10.50 
035 |a (OCoLC)15422192 
035 |9 AAB6179AM 
040 |a DLC  |c DLC  |d TXA  |d UtOrBLW 
043 |a n-us--- 
049 |a TXAM  |c [A11503199] 
050 0 0 |a LB2832.2  |b .S52 1987 
082 0 |a 373.11/001/9  |2 19 
100 1 |a Shepherd, Jerry,  |d 1949- 
245 1 0 |a Bootstrapping educators :  |b a self-help guide for high school teachers /  |c Jerry Shepherd. 
264 1 |a Lanham, MD :  |b University Press of America,  |c [1987] 
264 4 |c ©1987 
300 |a vii, 152 pages ;  |c 24 cm. 
336 |a text  |b txt  |2 rdacontent 
337 |a unmediated  |b n  |2 rdamedia 
338 |a volume  |b nc  |2 rdacarrier 
504 |a Bibliography: pages 149-151. 
650 0 |a High school teachers  |z United States  |x Attitudes. 
650 0 |a Self-actualization (Psychology) 
999 |a MARS 
999 f f |s 8d25fe68-451c-3793-a228-c9f6338a39ee  |i 01f8117f-3a90-3fbe-9624-32091e7a2244  |t 0 
952 f f |p ric  |a Texas A&M University  |b Rellis Campus  |c Joint Library Facility  |d Remote Storage  |t 0  |e LB2832.2 .S52 1987  |h Library of Congress classification  |i unmediated -- volume  |m A14811503199 
998 f f |a LB2832.2 .S52 1987  |t 0  |l Remote Storage